| 000 | 00984nas a2200337 4500 | ||
|---|---|---|---|
| 001 | BR0405664 | ||
| 003 | BR-BrBNA | ||
| 005 | 20231205105023.0 | ||
| 007 | ta | ||
| 008 | 230509b bl.|||p| |||| 00| 00por d | ||
| 040 |
_aBR-BrBNA _bpor _cBiblioteca Nacional de Agricultura |
||
| 041 | _a(En) | ||
| 072 | _aL52 | ||
| 100 | 1 | _aVaz, L.J. | |
| 100 | 1 | _aWasielesky Junior, W. | |
| 100 | 1 | _aCavalli, R.O. | |
| 100 | 1 | _aPeixoto, S. | |
| 100 | 1 | _aSantos, M.H.S. | |
| 100 | 1 | _aBallester, E. | |
| 245 | 1 | _aGrowth and survival of pink shrimp (Farfantepenaeus paulensis)postlarvae in cages and pen enclosures | |
| 650 | _aCAMARÃO ROSA | ||
| 650 | _aPÓS-LARVA | ||
| 650 | _aCRESCIMENTO | ||
| 650 | _aSOBREVIVÊNCIA | ||
| 650 | _aGAIOLA | ||
| 650 | _aESTATÍSTICA | ||
| 650 | _aCARCINICULTURA | ||
| 773 | 0 |
_tScientia Agrícola (Brazil) _xISSN 0103-9013 _g(May-Jun 2004), v. 61(3) p. 332-335 _wBR0405664 |
|
| 909 |
_a202311 _bLúcia _c55 _dLúcia Elande |
||
| 942 |
_2AGRIS _n0 _cANA |
||
| 999 |
_c180805 _d180805 |
||